000 01018cad a22002055a 4500
001 L157180
008 120914s2012 xxk f 000 0 eng d
035 _a(Sirsi) u157180
041 0 _aeng
100 1 _aStephens, Mark
245 0 0 _aTackling housing market volatility in the UK
_ba progress report
_h[electronic resource]
260 _aYork
_bJoseph Rowntree Foundation
_c2012
520 _aReviews the progress being made in implementing the recommendations of the Joseph Rowntree Foundation (JRF) Housing Market Taskforce for tackling housing market volatility in the UK made in 2011 (L152929). Considers ways to protect homeowners from the effects of volatility and developing alternatives to home ownership.
590 _aKA NTK
651 4 _aUnited Kingdom
_y
690 _aResidential property
_96266
700 1 _aWilliams, Peter
856 4 0 _uhttps://www.jrf.org.uk/sites/files/jrf/housing-market-sustainability-summary.pdf
_zView the item free of charge from the www.jrf.org.uk website.
942 _n0
999 _c114640
_d114640